[Event "HUN-chT2 Szechenyi 1112"]
[Site "Hungary"]
[Date "2011.11.27"]
[Round "4.8"]
[White "Doma, Brigitta"]
[Black "Csanyi, Jozsef"]
[Result "1-0"]
[WhiteElo "1807"]
[BlackElo "1463"]
[PlyCount "55"]
[EventDate "2011.09.25"]
[EventType "team-tourn"]
[EventRounds "11"]
[EventCountry "HUN"]
[SourceTitle "EXT 2013"]
[Source "ChessBase"]
[SourceDate "2012.11.22"]
[SourceVersion "1"]
[SourceVersionDate "2012.11.22"]
[SourceQuality "1"]
[WhiteTeam "Haladas"]
[BlackTeam "Zalakaros"]
[WhiteTeamCountry "HUN"]
[BlackTeamCountry "HUN"]

1. e4 e6 2. d4 c5 3. c3 b6 4. Bf4 Bb7 5. Nd2 h6 6. Ngf3 d6 7. Bb5+ Nd7 8. Nc4 d5 9. exd5 Bxd5 10. Nce5 Ngf6 11. Nxd7 Nxd7 12. Ne5 Bxg2 13. Rg1 Bb7 14. Bxd7+ Ke7 15. Nc6+ Bxc6 16. Bxc6 g5 17. Bxa8 Qxa8 18. Bg3 c4 19. Qe2 b5 20. Qe5 f6 21. Qc7+ Ke8 22. 0-0-0 Be7 23. Rge1 Qd5 24. Qc8+ Qd8 25. Qxe6 Rf8 26. Bd6 Rf7 27. Bxe7 Qxe7 28. Qc8# 1-0

[Event "HUN-chT U18"]
[Site "Miskolc"]
[Date "2011.11.06"]
[Round "8.3"]
[White "Huszar, Reka"]
[Black "Doma, Brigitta"]
[Result "1-0"]
[WhiteElo "1821"]
[BlackElo "1807"]
[PlyCount "107"]
[EventDate "2011.11.02"]
[EventType "team-swiss"]
[EventRounds "8"]
[EventCountry "HUN"]
[SourceTitle "EXT 2012"]
[Source "ChessBase"]
[SourceDate "2011.11.24"]
[SourceVersion "1"]
[SourceVersionDate "2011.11.24"]
[SourceQuality "1"]
[WhiteTeam "Kazincbarcika"]
[BlackTeam "Delfin"]
[WhiteTeamCountry "HUN"]
[BlackTeamCountry "HUN"]

1. d4 d5 2. Nf3 e6 3. c4 Nf6 4. Nc3 c6 5. Bf4 Nbd7 6. e3 Be7 7. Rc1 0-0 8. cxd5 exd5 9. Bd3 Re8 10. Qc2 h6 11. 0-0 Nh5 12. Nxd5 Nxf4 13. Nxf4 Bd6 14. Ne2 Nf6 15. Bc4 Bg4 16. Qb3 Qd7 17. Ng3 Bxf3 18. gxf3 Re7 19. e4 Bxg3 20. fxg3 Qxd4+ 21. Kh1 Qb6 22. Qxb6 axb6 23. Rfd1 Rd7 24. e5 Rxd1+ 25. Rxd1 Nd5 26. Bxd5 cxd5 27. Rxd5 Rxa2 28. Rb5 Ra6 29. f4 Kf8 30. Kg2 Ke7 31. f5 Kd7 32. Rd5+ Kc7 33. e6 fxe6 34. fxe6 b5 35. Rd7+ Kc8 36. Rxg7 Rxe6 37. Kf3 b4 38. Rg4 Rb6 39. Ke3 Kb8 40. Kd3 Ka7 41. Kc4 Ka6 42. Rg8 Ka7 43. b3 Re6 44. Kxb4 Kb6 45. Kc4 Re4+ 46. Kd5 Rb4 47. Rg6+ Ka5 48. Rxh6 Rxb3 49. Rh8 b5 50. g4 b4 51. g5 Rd3+ 52. Ke4 Rd7 53. g6 Rg7 54. Kf5 1-0

[Event "HUN-ch U18 Girls"]
[Site "Celldoemoelk"]
[Date "2011.06.30"]
[Round "4"]
[White "Havanecz, Bianka"]
[Black "Doma, Brigitta"]
[Result "1-0"]
[WhiteElo "1967"]
[BlackElo "1691"]
[PlyCount "119"]
[EventDate "2011.06.27"]
[EventType "tourn"]
[EventRounds "7"]
[EventCountry "HUN"]
[SourceTitle "EXT 2012"]
[Source "ChessBase"]
[SourceDate "2011.11.24"]
[SourceVersion "1"]
[SourceVersionDate "2011.11.24"]
[SourceQuality "1"]

1. d4 Nf6 2. c4 e6 3. Nf3 d5 4. Nc3 Bb4 5. Bg5 h6 6. Bh4 c6 7. Bxf6 gxf6 8. e3 b6 9. Qb3 Qe7 10. Bd3 Bb7 11. cxd5 cxd5 12. 0-0-0 Nc6 13. Kb1 Bxc3 14. Qxc3 Rc8 15. Qd2 Qb4 16. Qe2 Na5 17. a3 Qd6 18. Bb5+ Ke7 19. Nd2 Rhg8 20. g3 Nc4 21. Rhe1 Nxa3+ 22. bxa3 Qxa3 23. Rc1 Qb4+ 24. Ka2 a6 25. Bd3 Qa4+ 26. Kb2 Qb4+ 27. Nb3 a5 28. Qd2 Qa4 29. Rxc8 Rxc8 30. Rc1 Rxc1 31. Qxc1 Bc6 32. Qc3 Kd6 33. h4 Bb5 34. Bc2 Qc4 35. Qxc4 dxc4 36. Nd2 Ba6 37. Kc3 b5 38. Ne4+ Ke7 39. Kb2 Bb7 40. Nc5 Bc6 41. e4 Kd6 42. Na6 Bb7 43. Nc5 Bc8 44. Kc3 e5 45. f4 a4 46. Nxa4 exd4+ 47. Kxd4 bxa4 48. Bxa4 Ba6 49. Be8 Ke7 50. Bc6 Kd6 51. Bd5 f5 52. Bxf7 fxe4 53. Bxc4 Bxc4 54. Kxc4 Ke6 55. Kd4 Kf5 56. h5 Kg4 57. Kxe4 Kxh5 58. f5 Kg5 59. Ke5 h5 60. f6 1-0

[Event "HUN-chT2 Szechenyi 1011"]
[Site "Hungary"]
[Date "2010.10.24"]
[Round "4.11"]
[White "Doma, Brigitta"]
[Black "Toth, Daniel1111"]
[Result "1-0"]
[WhiteElo "1669"]
[BlackElo "1680"]
[PlyCount "41"]
[EventDate "2010.09.12"]
[EventType "team-tourn"]
[EventRounds "11"]
[EventCountry "HUN"]
[SourceTitle "EXT 2012"]
[Source "ChessBase"]
[SourceDate "2011.11.24"]
[SourceVersion "1"]
[SourceVersionDate "2011.11.24"]
[SourceQuality "1"]
[WhiteTeam "HVSE Infraplan"]
[BlackTeam "Spartacus"]
[WhiteTeamCountry "HUN"]
[BlackTeamCountry "HUN"]

1. e4 c5 2. Nf3 d6 3. d4 cxd4 4. Nxd4 Nf6 5. Nc3 g6 6. Bb5+ Bd7 7. Bg5 Bg7 8. Qd2 0-0 9. Bxd7 Nbxd7 10. Bh6 Nc5 11. f3 Qb6 12. 0-0-0 Rfc8 13. Bxg7 Kxg7 14. g4 a5 15. h4 a4 16. a3 Nfd7 17. h5 Ne5 18. hxg6 fxg6 19. Qh6+ Kf7 20. Qxh7+ Kf8 21. Qh8+ 1-0

[Event "Szombathely op-B"]
[Site "Szombathely"]
[Date "2010.08.01"]
[Round "9"]
[White "Doma, Brigitta"]
[Black "Toth, Attila"]
[Result "1/2-1/2"]
[WhiteElo "1678"]
[BlackElo "1899"]
[PlyCount "39"]
[EventDate "2010.07.28"]
[EventType "swiss"]
[EventRounds "9"]
[EventCountry "HUN"]
[SourceTitle "EXT 2012"]
[Source "ChessBase"]
[SourceDate "2011.11.24"]
[SourceVersion "1"]
[SourceVersionDate "2011.11.24"]
[SourceQuality "1"]

1. e4 e5 2. Nf3 Nc6 3. d4 d6 4. Bb5 exd4 5. Nxd4 Bd7 6. Bxc6 bxc6 7. Nc3 g6 8. 0-0 Bg7 9. Be3 Ne7 10. Qd2 0-0 11. Bh6 f5 12. Bxg7 Kxg7 13. f4 c5 14. Nf3 Rb8 15. b3 fxe4 16. Nxe4 h5 17. Neg5 Nc6 18. Rae1 Qf6 19. g3 Rbe8 20. Ne4 1/2-1/2

[Event "Szombathely op-B"]
[Site "Szombathely"]
[Date "2010.07.28"]
[Round "2"]
[White "Doma, Brigitta"]
[Black "Ivancic, Dario"]
[Result "0-1"]
[WhiteElo "1678"]
[BlackElo "1638"]
[PlyCount "70"]
[EventDate "2010.07.28"]
[EventType "swiss"]
[EventRounds "9"]
[EventCountry "HUN"]
[SourceTitle "EXT 2012"]
[Source "ChessBase"]
[SourceDate "2011.11.24"]
[SourceVersion "1"]
[SourceVersionDate "2011.11.24"]
[SourceQuality "1"]

1. e4 d6 2. d4 g6 3. Ne2 Bg7 4. Be3 e5 5. Nbc3 Nc6 6. d5 Nce7 7. f3 f5 8. g3 Nf6 9. Bg2 0-0 10. Qd2 Bd7 11. 0-0-0 b5 12. Bh6 b4 13. Nb1 a5 14. Bxg7 Kxg7 15. Qg5 h6 16. Qe3 fxe4 17. Qb3 Qb8 18. fxe4 a4 19. Qd3 Bb5 20. Qd2 Bc4 21. b3 axb3 22. cxb3 Bb5 23. Rhe1 Bd7 24. h3 Qb6 25. g4 c5 26. dxc6 Rfc8 27. Kb2 Rxc6 28. g5 hxg5 29. Qxg5 Qa5 30. Nc1 Be6 31. Rd3 Qc5 32. Rf1 Neg8 33. h4 Qc2+ 34. Ka1 Rca6 35. a4 Bxb3 0-1

[Event "HUN-ch U16 Girls"]
[Site "Budapest"]
[Date "2010.07.04"]
[Round "9"]
[White "Doma, Brigitta"]
[Black "Juhasz, Barbara"]
[Result "0-1"]
[WhiteElo "1675"]
[BlackElo "1895"]
[PlyCount "98"]
[EventDate "2010.06.26"]
[EventType "swiss"]
[EventRounds "9"]
[EventCountry "HUN"]
[SourceTitle "CBM 137 Extra"]
[Source "ChessBase"]
[SourceDate "2010.09.01"]
[SourceVersion "1"]
[SourceVersionDate "2010.09.01"]
[SourceQuality "1"]

1. e4 c5 2. Nf3 e6 3. d4 cxd4 4. Nxd4 a6 5. Bd3 Qc7 6. 0-0 Nf6 7. Qe2 d6 8. c4 Be7 9. f4 Nbd7 10. Nc3 Qb6 11. Kh1 0-0 12. Be3 Qc7 13. Bd2 Rd8 14. b4 b6 15. a3 Bb7 16. Rae1 Bf8 17. Nf3 g6 18. e5 Bxf3 19. Rxf3 Ne8 20. exd6 Nxd6 21. Ne4 Nxe4 22. Qxe4 Bg7 23. Rh3 Rac8 24. g4 Nf6 25. Qg2 Qc6 26. g5 Ng4 27. Qxc6 Rxc6 28. Kg2 Rcd6 29. Rg3 Rxd3 30. Bc1 Rd1 31. Kf1 Nxh2+ 32. Ke2 Rxe1+ 33. Kxe1 f5 34. Be3 Rd3 35. Ke2 Rxa3 36. Rg2 Ra2+ 37. Bd2 Bc3 38. Kd3 Rxd2+ 39. Rxd2 Bxd2 40. Kxd2 Kf7 41. Kd3 Ke7 42. Kd4 Nf3+ 43. Ke3 Ne1 44. Kd4 Nc2+ 45. Kc3 Nxb4 46. Kxb4 Kd6 47. Kc3 e5 48. fxe5+ Kxe5 49. Kd3 a5 0-1

[Event "HUN-ch U16 Girls"]
[Site "Budapest"]
[Date "2010.07.01"]
[Round "6"]
[White "Doma, Brigitta"]
[Black "Kabai, Zsuzsanna"]
[Result "0-1"]
[WhiteElo "1675"]
[BlackElo "2086"]
[PlyCount "96"]
[EventDate "2010.06.26"]
[EventType "swiss"]
[EventRounds "9"]
[EventCountry "HUN"]
[SourceTitle "CBM 137 Extra"]
[Source "ChessBase"]
[SourceDate "2010.09.01"]
[SourceVersion "1"]
[SourceVersionDate "2010.09.01"]
[SourceQuality "1"]

1. e4 e6 2. d4 d5 3. Nd2 Be7 4. Ngf3 Nf6 5. e5 Nfd7 6. Bd3 c5 7. c3 b6 8. 0-0 Ba6 9. Qe2 Bxd3 10. Qxd3 Nc6 11. b3 cxd4 12. cxd4 Nb4 13. Qb5 a6 14. Qe2 0-0 15. Bb2 b5 16. Rfc1 Qb6 17. a3 Nc6 18. Rc2 Rac8 19. Rac1 Na7 20. Rxc8 Rxc8 21. Rxc8+ Nxc8 22. Qd1 Qc6 23. Qc1 Na7 24. Qxc6 Nxc6 25. Kf1 f6 26. Ke2 Kf7 27. Kd3 Bd8 28. h3 Bb6 29. Ke2 b4 30. a4 Na5 31. g3 Nc6 32. g4 Nf8 33. Ne1 Bxd4 34. Bxd4 Nxd4+ 35. Ke3 fxe5 36. Nef3 Nc6 37. h4 h6 38. g5 Kg6 39. gxh6 gxh6 40. Nf1 Nd7 41. Ng3 Nc5 42. Nd2 Nd4 43. f3 Ndxb3 44. Nxb3 Nxb3 45. Ke2 Nd4+ 46. Ke3 Nf5+ 47. Nxf5 Kxf5 48. a5 h5 0-1

[Event "HUN-ch U16 Girls"]
[Site "Budapest"]
[Date "2010.06.29"]
[Round "4"]
[White "Doma, Brigitta"]
[Black "Huszar, Nora"]
[Result "1/2-1/2"]
[WhiteElo "1675"]
[BlackElo "1771"]
[PlyCount "140"]
[EventDate "2010.06.26"]
[EventType "swiss"]
[EventRounds "9"]
[EventCountry "HUN"]
[SourceTitle "CBM 137 Extra"]
[Source "ChessBase"]
[SourceDate "2010.09.01"]
[SourceVersion "1"]
[SourceVersionDate "2010.09.01"]
[SourceQuality "1"]

1. e4 d5 2. exd5 Qxd5 3. Nc3 Qd6 4. d4 c6 5. Nf3 Bg4 6. h3 Bh5 7. g4 Bg6 8. Bc4 e6 9. Bd2 Nf6 10. Qe2 Bxc2 11. Rc1 Bg6 12. d5 Nxd5 13. Bxd5 a6 14. Be4 Bxe4 15. Nxe4 Qc7 16. 0-0 Nd7 17. Bg5 h5 18. gxh5 Rxh5 19. Kg2 Rh7 20. Qd3 Rh8 21. Rfd1 f6 22. Be3 0-0-0 23. Nd6+ Bxd6 24. Qxd6 e5 25. Qxc7+ Kxc7 26. Nd2 Nf8 27. Nc4 Rxd1 28. Rxd1 Nd7 29. Rg1 g5 30. Kg3 Rh7 31. Nd2 Rh4 32. f3 Kd6 33. Ne4+ Ke7 34. Nxg5 Rb4 35. Ne4 Rxb2 36. Rg2 Rxg2+ 37. Kxg2 f5 38. Nc5 Nxc5 39. Bxc5+ Kf6 40. Kg3 b5 41. Bb4 Kg5 42. Be7+ Kg6 43. Kh4 a5 44. Bd6 e4 45. fxe4 fxe4 46. Kg4 e3 47. Kf3 Kh5 48. Be7 c5 49. Bxc5 Kh4 50. Kxe3 Kxh3 51. Kd3 Kg4 52. Bb6 a4 53. Kc3 Kf5 54. Kb4 Ke6 55. Kxb5 Kd6 56. Kxa4 Kc6 57. Ka5 Kb7 58. Kb5 Kc8 59. Kc6 Kb8 60. Bc7+ Ka8 61. Kd7 Kb7 62. Kd6 Ka6 63. Bb8 Kb7 64. Bc7 Kc8 65. a4 Kb7 66. Kd7 Ka8 67. Kc8 Ka7 68. a5 Ka8 69. Kd7 Kb7 70. Kd6 Kc8 1/2-1/2

[Event "HUN-ch U16 Girls"]
[Site "Budapest"]
[Date "2010.06.28"]
[Round "3"]
[White "Bodnar, Barbara"]
[Black "Doma, Brigitta"]
[Result "0-1"]
[WhiteElo "1665"]
[BlackElo "1675"]
[PlyCount "88"]
[EventDate "2010.06.26"]
[EventType "swiss"]
[EventRounds "9"]
[EventCountry "HUN"]
[SourceTitle "CBM 137 Extra"]
[Source "ChessBase"]
[SourceDate "2010.09.01"]
[SourceVersion "1"]
[SourceVersionDate "2010.09.01"]
[SourceQuality "1"]

1. e4 c5 2. Nf3 e6 3. d4 cxd4 4. Nxd4 a6 5. Bd3 b5 6. 0-0 Bb7 7. Be3 Qc7 8. Qe2 Nf6 9. Nd2 d5 10. f3 Bd6 11. g3 Nbd7 12. Qg2 Nc5 13. Rae1 0-0 14. Bg5 Be5 15. Be3 Rfd8 16. N4b3 Nxb3 17. axb3 Bxb2 18. Qf2 Qc6 19. Bg5 dxe4 20. Nxe4 Bd4 21. Be3 Bxe3 22. Qxe3 Nd5 23. Qd2 Rac8 24. Rd1 Qb6+ 25. Qf2 Qxf2+ 26. Kxf2 Nb4 27. Ke3 Kf8 28. Rf2 Ke7 29. Rfd2 Nxd3 30. Rxd3 Rxd3+ 31. Kxd3 Rd8+ 32. Ke2 Rxd1 33. Kxd1 Bxe4 34. fxe4 Kd6 35. Kd2 a5 36. Kc3 Kc5 37. Kd3 a4 38. Kc3 b4+ 39. Kb2 a3+ 40. Ka2 Kd4 41. e5 f6 42. exf6 gxf6 43. h3 e5 44. g4 e4 0-1

[Event "HUN-ch U16 Girls"]
[Site "Budapest"]
[Date "2010.06.26"]
[Round "1"]
[White "Doma, Brigitta"]
[Black "Bea, Boglarka"]
[Result "0-1"]
[WhiteElo "1675"]
[BlackElo "2012"]
[PlyCount "150"]
[EventDate "2010.06.26"]
[EventType "swiss"]
[EventRounds "9"]
[EventCountry "HUN"]
[SourceTitle "CBM 137 Extra"]
[Source "ChessBase"]
[SourceDate "2010.09.01"]
[SourceVersion "1"]
[SourceVersionDate "2010.09.01"]
[SourceQuality "1"]

1. e4 c5 2. Nf3 e6 3. d4 cxd4 4. Nxd4 Nc6 5. Nc3 Qc7 6. Be2 a6 7. 0-0 Nf6 8. Be3 Be7 9. f4 d6 10. Kh1 0-0 11. Qe1 Nxd4 12. Bxd4 b5 13. a3 Bb7 14. Bd3 Rad8 15. Qg3 Rd7 16. Rae1 Re8 17. e5 dxe5 18. Bxe5 Qd8 19. Ne4 Nh5 20. Qh3 g6 21. Nf2 f5 22. Kg1 Bd6 23. Qe3 Bxe5 24. Qxe5 Rd5 25. Qe3 Rd4 26. Nh3 h6 27. Be2 Nf6 28. Qg3 Kg7 29. Nf2 Qb6 30. Kh1 Rc8 31. Bd3 Nh5 32. Qe3 Nxf4 33. Rg1 Nxd3 34. cxd3 Re8 35. Qe5+ Kh7 36. Rgf1 Rd7 37. Rd1 Qc6 38. Qg3 e5 39. Rg1 Rd4 40. Rc1 Qd6 41. Rcd1 Re7 42. Rge1 Qf6 43. Kg1 Qg5 44. Qxg5 hxg5 45. g3 Kg7 46. Nh3 Kf6 47. Re3 f4 48. gxf4 gxf4 49. Ree1 g5 50. Nf2 Kf5 51. h3 Bf3 52. Rd2 a5 53. b3 Rc7 54. Rb2 Rd5 55. Rd2 Rc3 56. Rb2 g4 57. hxg4+ Bxg4 58. Kg2 b4 59. axb4 axb4 60. Re4 Rdxd3 61. Nxd3 Kxe4 62. Nxb4 Rg3+ 63. Kf2 Bf3 64. Rb1 Rg2+ 65. Kf1 Kf5 66. Rc1 Rb2 67. Rc3 Bg2+ 68. Kg1 f3 69. Nd3 Rb1+ 70. Kf2 Ke4 71. Ne1 Rb2+ 72. Nc2 Kf4 73. Rc4+ e4 74. b4 Bh3 75. Ke1 Kg3 0-1

[Event "HUN-chT2 Szechenyi 0910"]
[Site "Hungary"]
[Date "2009.12.20"]
[Round "4.10"]
[White "Bencsura, Barnabas"]
[Black "Doma, Brigitta"]
[Result "1-0"]
[WhiteElo "2029"]
[BlackElo "1639"]
[PlyCount "67"]
[EventDate "2009.11.08"]
[EventType "team-tourn"]
[EventRounds "11"]
[EventCountry "HUN"]
[SourceTitle "EXT 2011"]
[Source "ChessBase"]
[SourceDate "2010.11.26"]
[SourceVersion "1"]
[SourceVersionDate "2010.11.26"]
[SourceQuality "1"]
[WhiteTeam "BSC"]
[BlackTeam "HVSE Infraplan"]
[WhiteTeamCountry "HUN"]
[BlackTeamCountry "HUN"]

1. b4 e5 2. a3 a6 3. Bb2 Nc6 4. e3 d5 5. d3 Nf6 6. Nd2 Bd6 7. Ngf3 Bg4 8. Be2 0-0 9. c4 d4 10. Nxd4 exd4 11. Bxg4 Re8 12. e4 Bf4 13. Be2 Qd7 14. Nf3 Be5 15. 0-0 Rad8 16. Qb3 b6 17. Nh4 Bf4 18. g3 Qh3 19. Qd1 Bg5 20. Nf5 g6 21. f4 gxf5 22. fxg5 Ng4 23. Bxg4 fxg4 24. Rf4 Ne5 25. Qe2 Nf3+ 26. Kh1 Kg7 27. Rf1 Re6 28. Qg2 Qh5 29. h3 Nxg5 30. Rxg4 Rg6 31. Rh4 Qxh4 32. gxh4 Ne6 33. Qf2 Rd7 34. h5 1-0

[Event "HUN-chT2 Szechenyi 0910"]
[Site "Hungary"]
[Date "2009.11.08"]
[Round "1.9"]
[White "Doma, Brigitta"]
[Black "Lejer, Sandor"]
[Result "0-1"]
[WhiteElo "1639"]
[BlackElo "1999"]
[PlyCount "52"]
[EventDate "2009.11.08"]
[EventType "team-tourn"]
[EventRounds "11"]
[EventCountry "HUN"]
[SourceTitle "EXT 2011"]
[Source "ChessBase"]
[SourceDate "2010.11.26"]
[SourceVersion "1"]
[SourceVersionDate "2010.11.26"]
[SourceQuality "1"]
[WhiteTeam "HVSE Infraplan"]
[BlackTeam "Lovo"]
[WhiteTeamCountry "HUN"]
[BlackTeamCountry "HUN"]

1. e4 d6 2. d4 Nf6 3. Nc3 c6 4. f3 Nbd7 5. Be3 Qb6 6. Rb1 e5 7. Qd2 Qc7 8. Nge2 Nb6 9. Ng3 h5 10. h4 Be7 11. Bd3 Bd7 12. b4 exd4 13. Bxd4 c5 14. bxc5 dxc5 15. Bf2 c4 16. Be2 Rd8 17. Qe3 g6 18. e5 Nfd5 19. Nxd5 Nxd5 20. Qd4 Nb4 21. Qxc4 Nxc2+ 22. Kf1 Qxc4 23. Bxc4 Na3 24. Rc1 Nxc4 25. Bd4 Bb5 26. Bc3 Nxe5+ 0-1

[Event "HUN-chT U18"]
[Site "Miskolc"]
[Date "2009.10.29"]
[Round "7.18"]
[White "Edes, Zsofia"]
[Black "Doma, Brigitta"]
[Result "1-0"]
[WhiteElo "1954"]
[BlackElo "1639"]
[PlyCount "49"]
[EventDate "2009.10.26"]
[EventType "team-swiss"]
[EventRounds "8"]
[EventCountry "HUN"]
[SourceTitle "EXT 2016"]
[Source "ChessBase"]
[SourceDate "2015.10.08"]
[SourceVersion "1"]
[SourceVersionDate "2015.10.08"]
[SourceQuality "1"]

1. d4 d5 2. c4 e6 3. Nc3 Nf6 4. Bg5 Be7 5. Nf3 Nbd7 6. e3 c6 7. Rc1 b6 8. Bd3 Bb7 9. 0-0 0-0 10. Qe2 Rc8 11. Bf4 c5 12. Rfd1 Nh5 13. Be5 f6 14. Ng5 fxe5 15. Bxh7+ Kh8 16. Nxe6 Qe8 17. Nxf8 Bxf8 18. Bf5 g6 19. Bxd7 Qxd7 20. dxe5 Qe6 21. Nxd5 Qxe5 22. Qg4 Kh7 23. Qd7+ Qg7 24. Qxg7+ Bxg7 25. g4 1-0

[Event "HUN-ch U16 Girls"]
[Site "Balatonlelle"]
[Date "2009.07.05"]
[Round "9"]
[White "Doma, Brigitta"]
[Black "Honsch, Kamilla"]
[Result "1-0"]
[WhiteElo "1665"]
[BlackElo "1766"]
[PlyCount "141"]
[EventDate "2009.06.27"]
[EventType "swiss"]
[EventRounds "9"]
[EventCountry "HUN"]
[SourceTitle "EXT 2011"]
[Source "ChessBase"]
[SourceDate "2010.11.26"]
[SourceVersion "1"]
[SourceVersionDate "2010.11.26"]
[SourceQuality "1"]

1. e4 d5 2. exd5 Qxd5 3. Nc3 Qa5 4. d4 Nf6 5. Nf3 c6 6. Bc4 Bf5 7. Bd2 e6 8. Qe2 Bb4 9. 0-0-0 b5 10. Bb3 0-0 11. Ne5 Bxc3 12. Bxc3 b4 13. Bd2 Qb6 14. g4 Bg6 15. Be3 Nd5 16. h4 Be4 17. f3 Nxe3 18. Qxe3 Bd5 19. g5 Bxb3 20. Qxb3 a5 21. h5 a4 22. Qd3 b3 23. a3 bxc2 24. Qxc2 Qb3 25. Qxb3 axb3 26. Rd3 Rd8 27. Rhd1 Na6 28. Rxb3 c5 29. dxc5 Rxd1+ 30. Kxd1 Nxc5 31. Rc3 Na4 32. Rb3 Rd8+ 33. Kc2 f6 34. gxf6 gxf6 35. Nd3 Rc8+ 36. Kd2 Rc6 37. Rb4 Nb6 38. Rg4+ Kf7 39. h6 Nc4+ 40. Ke2 Nxb2 41. Rg7+ Kf8 42. Nxb2 Rc2+ 43. Ke1 Rxb2 44. Rxh7 Kg8 45. Ra7 Rh2 46. h7+ Kh8 47. a4 Ra2 48. a5 f5 49. f4 Ra4 50. a6 Rxf4 51. Re7 Re4+ 52. Kf2 Rf4+ 53. Ke3 Ra4 54. a7 Ra3+ 55. Kd4 Ra4+ 56. Kc5 Ra5+ 57. Kb4 Ra1 58. Re8+ Kxh7 59. a8Q Rxa8 60. Rxa8 Kg6 61. Kc4 Kf6 62. Kd4 e5+ 63. Ke3 Kg5 64. Rg8+ Kf6 65. Kf3 Kf7 66. Rg1 Ke6 67. Rg6+ Kf7 68. Rb6 Ke7 69. Kg3 Kf7 70. Kh4 f4 71. Kg4 1-0

[Event "HUN-ch U16 Girls"]
[Site "Balatonlelle"]
[Date "2009.07.02"]
[Round "6"]
[White "Papp, Petra"]
[Black "Doma, Brigitta"]
[Result "1-0"]
[WhiteElo "2141"]
[BlackElo "1665"]
[PlyCount "61"]
[EventDate "2009.06.27"]
[EventType "swiss"]
[EventRounds "9"]
[EventCountry "HUN"]
[SourceTitle "EXT 2011"]
[Source "ChessBase"]
[SourceDate "2010.11.26"]
[SourceVersion "1"]
[SourceVersionDate "2010.11.26"]
[SourceQuality "1"]

1. e4 c5 2. Nf3 Nc6 3. d4 cxd4 4. Nxd4 Nf6 5. Nc3 e5 6. Ndb5 d6 7. Bg5 a6 8. Na3 b5 9. Bxf6 Qxf6 10. Nd5 Qd8 11. Bxb5 Bd7 12. Bd3 Qa5+ 13. c3 Be7 14. Nc4 Qd8 15. Nxe7 Qxe7 16. Be2 0-0 17. Qxd6 Qxd6 18. Nxd6 Rfd8 19. 0-0-0 Be6 20. Bc4 Bxc4 21. Nxc4 f6 22. Rxd8+ Rxd8 23. Rd1 Rc8 24. Nb6 Rb8 25. Nd7 Rd8 26. Rd6 Rc8 27. Nb6 Rc7 28. Nd5 Rc8 29. Rxc6 Rxc6 30. Ne7+ Kf7 31. Nxc6 1-0

[Event "HUN-ch U16 Girls"]
[Site "Balatonlelle"]
[Date "2009.06.27"]
[Round "1"]
[White "Fur, Katinka"]
[Black "Doma, Brigitta"]
[Result "1-0"]
[WhiteElo "1896"]
[BlackElo "1665"]
[PlyCount "57"]
[EventDate "2009.06.27"]
[EventType "swiss"]
[EventRounds "9"]
[EventCountry "HUN"]
[SourceTitle "EXT 2011"]
[Source "ChessBase"]
[SourceDate "2010.11.26"]
[SourceVersion "1"]
[SourceVersionDate "2010.11.26"]
[SourceQuality "1"]

1. d4 d5 2. Nf3 Nf6 3. c4 e6 4. Nc3 c6 5. e3 Nbd7 6. Bd3 Be7 7. 0-0 0-0 8. b3 b6 9. Bb2 Bb7 10. Qe2 c5 11. Rfd1 Rc8 12. Rac1 Re8 13. Ne5 Bd6 14. Nb5 Bb8 15. Nxd7 Nxd7 16. dxc5 Nxc5 17. Qg4 f6 18. Bb1 Qe7 19. Qh4 Ne4 20. f3 Ng5 21. Ba3 Qd7 22. f4 h6 23. fxg5 fxg5 24. Qh5 a6 25. Qg6 axb5 26. Qh7+ Kf7 27. Rf1+ Bf4 28. exf4 Rc5 29. Bg6+ 1-0

[Event "HUN-chT U18"]
[Site "Miskolc"]
[Date "2008.10.30"]
[Round "6.16"]
[White "Doma, Brigitta"]
[Black "Olah, Gabor Mihaly"]
[Result "0-1"]
[WhiteElo "1679"]
[BlackElo "1913"]
[PlyCount "104"]
[EventDate "2008.10.27"]
[EventType "team-swiss"]
[EventRounds "8"]
[EventCountry "HUN"]
[SourceTitle "EXT 2016"]
[Source "ChessBase"]
[SourceDate "2015.10.08"]
[SourceVersion "1"]
[SourceVersionDate "2015.10.08"]
[SourceQuality "1"]

1. e4 c5 2. Nf3 d6 3. d4 cxd4 4. Nxd4 Nf6 5. Nc3 a6 6. Bc4 e5 7. Nf3 h6 8. h3 Be6 9. Be2 Nbd7 10. 0-0 Qc7 11. Re1 Be7 12. a4 0-0 13. a5 Nc5 14. Bf1 Qc6 15. Qd2 Nh7 16. b4 Nd7 17. Qd3 Rac8 18. Bb2 f5 19. Rac1 fxe4 20. Qxe4 Qxe4 21. Nxe4 Bxh3 22. Nxe5 dxe5 23. gxh3 Bxb4 24. c3 Be7 25. c4 Nhf6 26. Bg2 Rc7 27. Nxf6+ Bxf6 28. Bd5+ Kh8 29. Ba3 Nc5 30. Bxc5 Rxc5 31. Bxb7 Rxa5 32. Ra1 Rc5 33. Bxa6 g6 34. Bb5 h5 35. Ra7 Bh4 36. Re2 e4 37. Raa2 Rg5+ 38. Kh2 Rf4 39. Bc6 Re5 40. Bd5 Kg7 41. Kg2 Kf6 42. Ra6+ Kg7 43. Re6 Ref5 44. R6xe4 Rxf2+ 45. Rxf2 Rxf2+ 46. Kg1 Bg3 47. Re3 Bh4 48. Rc3 Rd2 49. Be4 Bf2+ 50. Kf1 Bc5 51. Ke1 Rd4 52. Bd5 Bb4 0-1

[Event "HUN-chT U18"]
[Site "Miskolc"]
[Date "2008.10.28"]
[Round "2.19"]
[White "Doma, Brigitta"]
[Black "Halak, Miklos"]
[Result "0-1"]
[WhiteElo "1679"]
[BlackElo "1939"]
[PlyCount "98"]
[EventDate "2008.10.27"]
[EventType "team-swiss"]
[EventRounds "8"]
[EventCountry "HUN"]
[SourceTitle "EXT 2016"]
[Source "ChessBase"]
[SourceDate "2015.10.08"]
[SourceVersion "1"]
[SourceVersionDate "2015.10.08"]
[SourceQuality "1"]

1. e4 e5 2. Nf3 Nc6 3. d4 exd4 4. Nxd4 Bc5 5. Be3 Qf6 6. c3 Nge7 7. Nc2 Bb6 8. Nba3 Bxe3 9. Nxe3 a6 10. Nac2 d6 11. Nd4 0-0 12. Be2 Re8 13. 0-0 Nxd4 14. Qxd4 Qg6 15. Bf3 Nc6 16. Qa4 Bd7 17. Qc2 Ne5 18. Be2 Bc6 19. f3 Rad8 20. Rad1 d5 21. exd5 Qxc2 22. Nxc2 Bxd5 23. Nb4 Bc4 24. Bxc4 Nxc4 25. b3 Ne3 26. Rxd8 Rxd8 27. Re1 Nf5 28. Re5 g6 29. Rd5 Re8 30. Kf2 Kg7 31. Rd7 Re7 32. Rxe7 Nxe7 33. Ke3 Kf6 34. Kd4 Ke6 35. Nd3 b6 36. b4 g5 37. a4 Nf5+ 38. Ke4 Nd6+ 39. Kd4 h5 40. Ne5 c5+ 41. bxc5 bxc5+ 42. Kxc5 Kxe5 43. Kb6 Kd5 44. Kxa6 Kc6 45. a5 Nc4 46. g3 f5 47. h4 gxh4 48. gxh4 f4 49. Ka7 Nxa5 0-1

[Event "HUN-chT2 Szechenyi 0708"]
[Site "Hungary"]
[Date "2007.11.11"]
[Round "2"]
[White "Doma, Brigitta"]
[Black "Villanyi, Laszlo"]
[Result "1/2-1/2"]
[WhiteElo "1732"]
[BlackElo "1926"]
[PlyCount "42"]
[EventDate "2007.10.14"]
[EventType "team"]
[EventRounds "11"]
[EventCountry "HUN"]
[SourceTitle "EXT 2009"]
[Source "ChessBase"]
[SourceDate "2008.11.26"]
[SourceVersion "1"]
[SourceVersionDate "2008.11.26"]
[SourceQuality "1"]
[WhiteTeam "Haladas III"]
[BlackTeam "Gyor Komszomol"]
[WhiteTeamCountry "HUN"]
[BlackTeamCountry "HUN"]

1. e4 c5 2. Nf3 Nc6 3. d4 cxd4 4. Nxd4 Nf6 5. Nc3 e5 6. Ndb5 d6 7. Bg5 a6 8. Na3 b5 9. Nd5 Be7 10. Bxf6 Bxf6 11. c4 b4 12. Nc2 Rb8 13. Qd3 Bg5 14. Be2 0-0 15. 0-0 f5 16. Bf3 f4 17. b3 Kh8 18. a3 bxa3 19. Rxa3 a5 20. Rfa1 Be7 21. Rd1 Bf6 1/2-1/2